000 01456nam0a2200373 4500
001 RU\NLR\bibl\1769581
005 20260405122108.0
010 _a978-5-9790-0130-2
_91000
021 _aRU
_b2011-30808
_92191
035 _a(nilc)RSL-KNO-004935148
035 _a(NLR Aleph) 001760365
090 _a1574475
_c1574475
100 _a20110503d2011 |||y0rusy50 ca
101 1 _arus
_ceng
102 _aRU
105 _aa |||||||||
200 1 _aMac OS X 10.6 Snow Leopard
_eпервые шаги
_fРобин Уильямс
_g[пер. с англ. А. Величко, М. Фадеевой]
210 _aМосква
_cЭКОМ
_d2011
215 _a199 с.
_cил.
_d21
300 _aЗагл. и авт. ориг.: The little Mac Book / Robin Williams
320 _aАлф. указ.: с. 192-199
454 0 _12001#$aThe little Mac Book$fRobin Williams
_1700#1$aWilliams$bR.$gRobin$f1953-$3RU\NLR\AUTH\770159127$4070
_tThe little Mac Book
_aWilliams, Robin (1953-)
606 1 _aMAC OS X SNOW LEOPARD, операционная система
_92610016
_3RU\NLR\auth\661546574
686 _aЗ973.26-018.2я78-1
_2rubbk
686 _aЗ973.23-018.2
700 1 _4070
_8rus
_7ca
_aУильямс
_bР.
_f1953-
_gРобин
_3RU\NLR\AUTH\7748004
_930939
801 0 _aRU
_bRuMoRKP
_c20110503
_grcr
801 1 _aRU
_bРГБ
_c20110503
801 2 _aRU
_bNLR
_c20110517
_grcr
942 _cBOOK
980 _aNB
980 _aNBR